000 00400nam a22001217a 4500
008 230602b xxu||||| |||| 00| 0 eng d
082 _a305.67628
_bNJE
100 _cGeoffrey Njeru
245 _aMapping The Root causes of conflict
_bAn Agenda for Sustainable conflict mitigation and peace Building in kenya
260 _asweden
_bKEC-CJPC in collaboration with Diakonia
300 _a101p
942 _2ddc
_cBK
999 _c84
_d84